| 000 | 01206nam a22002297a 4500 | ||
|---|---|---|---|
| 999 |
_c63029 _d63029 |
||
| 003 | Ge_BSU | ||
| 005 | 20250513144600.0 | ||
| 008 | 250513s2023 ge ||||| |||| 00| 0 geo d | ||
| 020 | _a9789941482700 | ||
| 041 | _ageo | ||
| 080 | _a61:54(075.8) ა-81 | ||
| 100 |
_aარზიანი, ბადრი _910177 |
||
| 245 |
_aსამედიცინო ქიმია : _bსახელმძღვანელო თბილისის სახელმწ. სამედიცინო უნ-ტის სტუდენტთათვის / _cბადრი არზიანი ; რედაქტორი ი. ჩიკვაიძე. |
||
| 250 | _aმეოთხე გამოცემა | ||
| 264 |
_aთბილისი : _bინტელექტი, _c2023. |
||
| 300 |
_a288 გვ. : _bცხრ., სურ. ; _c28 სმ. |
||
| 500 | _aსაგნობრივი საძიებელი: გვ. 280-287. | ||
| 504 | _aბიბლიოგრაფია: გვ. 279. | ||
| 653 | _aსამედიცინო ქიმია | ||
| 700 |
_aჩიკვაიძე, ი. _e რედაქტორი _925036 |
||
| 942 |
_2udc _cᲬᲘᲒᲜᲘ |
||